000
00334nam a22001457a 4500
008
210429b ||||| |||| 00| 0 eng d
020
_a
9781256861799
041
_a
eng
080
_2
2nd
_a
311
082
_a
311
100
_a
55
101
_a
STA
245
_a
Statistics for Business and Economics
_c
Paul Newbold
942
_2
udc
_c
BK
999
_c
56924
_d
56924